00985nam a2200241 a 450000100100000000500170001000800410002702000180006804000250008608200190011110000550013024501230018526000580030830000280036650400340039459000270042865000350045565000320049065000520052270000350057495201170060999900170072600002399120260312134255.0110118s2007 cu a 000 0 spa d a9789590504754 aDO-SdBNPbspacBNPHU a305.235bP926a1 aPrendes Labrada, Mariela de la Concepción94932710aAdolescente embarazada :bla mejor opción ? /cMarianela de la Concepción Prendes Labrada, Wilfredo Guibert Reyes. aLa Habana :bEditorial Científico Técnica,c2007. a188 P. :bil. ;c22 cm. aBibliografía : p. 185 - 188 aInventariado, 2019 /LP 0aEmbarazo en adolescentes 9909 0aMadres adolescentes 949328 4aEducación para la la familiaxManuales9493291 aGuibert Reyes, Wilfredo949330 001050718MOaGRbGRcCTd2011-01-18iLF1l0o305.235 P926ap23991-10r2020-06-25w2020-06-25y1ZNo se presta c23486d23486